Enciclopedia de química / (Record no. 44873)

MARC details
000 -LEADER
campo de control de longitud fija 00655nam a2200181 i 4500
001 - NÚMERO DE CONTROL
campo de control 44873
003 - IDENTIFICADOR DE NÚMERO DE CONTROL
campo de control ES-MaACL
007 - CAMPO FIJO DE DESCRIPCIÓN FÍSICA--INFORMACIÓN GENERAL
campo de control de longitud fija t|
008 - DATOS DE LONGITUD FIJA--INFORMACIÓN GENERAL
campo de control de longitud fija 030324s1961 sp ||||1| spa d
245 00 - MENCIÓN DEL TÍTULO
Título Enciclopedia de química /
Mención de responsabilidad, etc. director, George L. Clark ; dirección editorial Gessner G. Hawley ; asesor William A. Hamor ; [traducción, José Beltrán Martínez].
260 ## - PUBLICACIÓN, DISTRIBUCIÓN, ETC.
Lugar de publicación, distribución, etc. Barcelona :
Nombre del editor, distribuidor, etc. Omega,
Fecha de publicación, distribución, etc. [1961]
300 ## - DESCRIPCIÓN FÍSICA
Extensión XXVIII, 1479 p. :
Otras características físicas il. ;
Dimensiones 26 cm.
700 1# - ENTRADA AGREGADA--NOMBRE PERSONAL
Nombre de persona Clark, George L.
9 (RLIN) 39032
700 1# - ENTRADA AGREGADA--NOMBRE PERSONAL
Nombre de persona Hawley, Gessner G.
9 (RLIN) 62174
700 1# - ENTRADA AGREGADA--NOMBRE PERSONAL
Nombre de persona Hamor, William A.
9 (RLIN) 61696
700 1# - ENTRADA AGREGADA--NOMBRE PERSONAL
Nombre de persona Beltrán Martínez, José.
9 (RLIN) 27372
852 ## - LOCALIZACIÓN
Ubicación ES-MaACL
Número de control de estantería E-754
Sublocalización o colección R.48306
Holdings
Estatus retirado Estado de pérdida Estado de daño No para préstamo Colección Biblioteca de origen Biblioteca actual Ubicación en estantería Fecha de adquisición Fuente de adquisición Total de préstamos Signatura topográfica completa Código de barras Visto por última vez Precio de reemplazo Tipo de ítem Koha
        Colección de referencia Biblioteca del Ateneo de Madrid Biblioteca del Ateneo de Madrid Depósito 2 17/01/2008     E-754 1047225 23/02/2023 23/02/2023 Libro impreso